_Y acumularon tesoros (Record no. 17656)

MARC details
000 -LEADER
campo de control de longitud fija 00811nam a2200217 i 4500
001 - NÚMERO DE CONTROL
campo de control 17656
003 - IDENTIFICADOR DE NÚMERO DE CONTROL
campo de control ES-MaACL
005 - FECHA Y HORA DE LA ÚLTIMA TRANSACCIÓN
campo de control 20260213163043.0
007 - CAMPO FIJO DE DESCRIPCIÓN FÍSICA--INFORMACIÓN GENERAL
campo de control de longitud fija t|
008 - DATOS DE LONGITUD FIJA--INFORMACIÓN GENERAL
campo de control de longitud fija 010420s2001 sp a c |||| | spa d
080 ## - NÚMERO DE LA CLASIFICACIÓN DECIMAL UNIVERSAL
Número de la Clasificación Decimal Universal 903(460-11)(064.3)
245 01 - MENCIÓN DEL TÍTULO
Título _Y acumularon tesoros
Resto del título : mil años de historia en nuestras tierras [exposición] : Valencia, Murcia, Castellón, Alicante, Barcelona, 2001-2002.
260 ## - PUBLICACIÓN, DISTRIBUCIÓN, ETC.
Lugar de publicación, distribución, etc. [Valencia] :
Nombre del editor, distribuidor, etc. Caja de Ahorros del Mediterráneo,
Fecha de publicación, distribución, etc. [2001]
300 ## - DESCRIPCIÓN FÍSICA
Extensión 295 p. :
Otras características físicas il. col. y n. ;
Dimensiones 29 cm.
651 #4 - PUNTO DE ACCESO ADICIONAL DE MATERIA--NOMBRE GEOGRÁFICO
Nombre geográfico España oriental-
Subdivisión general Restos arqueológicos prehistóricos-
Subdivisión de forma Exposiciones.
9 (RLIN) 163464
655 #7 - TERMINO DE INDIZACIÓN--GENERO/FORMA
Fuente del término tgfbne
9 (RLIN) 193628
Datos o término principal de género/forma Catálogos de exposiciones
710 0# - ENTRADA AGREGADA--NOMBRE DE ENTIDAD CORPORATIVA
Nombre de entidad corporativa o nombre de jurisdicción como elemento de entrada Caja de Ahorros del Mediterráneo
9 (RLIN) 2294
852 ## - LOCALIZACIÓN
Ubicación ES-MaACL
Número de control de estantería L-24575
942 ## - ELEMENTOS DE ENTRADA SECUNDARIOS (KOHA)
Fuente del sistema de clasificación o colocación Clasificación decimal universal
Holdings
Estatus retirado Estado de pérdida Estado de daño No para préstamo Biblioteca de origen Biblioteca actual Ubicación en estantería Fecha de adquisición Fuente de adquisición Total de préstamos Signatura topográfica completa Código de barras Visto por última vez Precio de reemplazo Tipo de ítem Koha
        Biblioteca del Ateneo de Madrid Biblioteca del Ateneo de Madrid Depósito 2 17/01/2008     L-24575 1018012 23/02/2023 23/02/2023 Libro impreso